The theory of finite groups : an introduction /
Guardado en:
| Autor Principal: | |
|---|---|
| Otros Autores: | |
| Formato: | Libro |
| Idioma: | English German |
| Publicado: |
New York :
Springer,
c2004.
|
| Series: | Universitext.
|
| Materias: | |
| Etiquetas: |
Agregar Etiqueta
Sin Etiquetas, Sea el primero en etiquetar este registro!
|
| LEADER | 00884cam a22002534a 4500 | ||
|---|---|---|---|
| 001 | MAT.inmabb004031 | ||
| 008 | 030606s2004####nyu######b####001#0#eng## | ||
| 005 | 20130304103714.0 | ||
| 245 | 1 | 4 | |a The theory of finite groups : |b an introduction / |c Hans Kurzweil, Bernd Stellmacher. |
| 260 | |a New York : |b Springer, |c c2004. | ||
| 300 | |a xii, 387 p. ; |c 24 cm. | ||
| 490 | 0 | |a Universitext. | |
| 500 | |a Traducción de: Theorie der endlichen Gruppen : eine Einführung. Springer-Verlag, Berlin, 1998. | ||
| 504 | |a Incluye referencias bibliográficas (p. 373-380) e índice. | ||
| 510 | 4 | |a MR, |c 2004h:20001 | |
| 020 | |a 0387405100 | ||
| 100 | 1 | |a Kurzweil, Hans, |d 1942- | |
| 700 | 1 | |a Stellmacher, B. |q (Bernd) | |
| 650 | 0 | |a Finite groups. | |
| 084 | |a 20-01 (20Dxx) |2 msc2000 | ||
| 010 | |a 2003054313 | ||
| 040 | |a DLC |c DLC |d DLC | ||
| 041 | 1 | |a eng |h ger | |
| 859 | |h 20 |i K965 |p A-8406 |b BIB. MATEMATICA | ||
